LEADER 01189nam a2200289 i 4500 001 991001948089707536 005 20020507154314.0 008 000905s1989 it ||| | ita 020 $a881401986X 035 $ab11587416-39ule_inst 035 $aLE02727905$9ExL 040 $aDip.to Studi Giuridici$bita 082 0 $a352.10945 084 $aC-XVI/A 100 1 $aSciascia, Michael$0231598 245 10$aFinanza locale e autonomie territoriali :$ble prospettive di rinnovamento nel quadro delle garanzie :$batti del convegno Caserta 22-24 aprile 88 /$ccoordinati a cura del prof. Michael Sciascia 260 $aMilano :$bA. Giuffre,$c1989 300 $axiv, 403 p. ;$c24 cm. 500 $aIn testa al front.: Municipio di Caserta 650 4$aFinanza locale$xCongressi - Caserta 740 3 $aLe prospettive di rinnovamento nel quadro delle garanzie 907 $a.b11587416$b21-09-06$c02-07-02 912 $a991001948089707536 945 $aLE027 C-XVI/A 88$g1$iLE027-1034$lle027$o-$pE0.00$q-$rl$s- $t0$u0$v0$w0$x0$y.i11796455$z02-07-02 996 $aFinanza locale e autonomie territoriali$9896169 997 $aUNISALENTO 998 $ale027$b01-01-00$cm$da $e-$fita$git $h0$i1 LEADER 01701nam 2200529 a 450 001 9910782754803321 005 20221206104810.0 010 $a1-60086-026-5 035 $a(CKB)1000000000704120 035 $a(CtWfDGI)bke00000819 035 $a(SSID)ssj0000384474 035 $a(PQKBManifestationID)12133815 035 $a(PQKBTitleCode)TC0000384474 035 $a(PQKBWorkID)10342545 035 $a(PQKB)10896889 035 $a(MiAaPQ)EBC3111476 035 $a(Au-PeEL)EBL3111476 035 $a(CaPaEBR)ebr10516511 035 $a(OCoLC)922978644 035 $a(EXLCZ)991000000000704120 100 $a19990212d1999 uy 0 101 0 $aeng 135 $aurzn|||||| 181 $ctxt 182 $cc 183 $acr 200 13$aAn introduction to the mathematics and methods of astrodynamics$b[electronic resource] /$fRichard H. Battin 205 $aRev. ed. 210 $aReston, Va. $cAmerican Institute of Aeronautics and Astronautics, Inc.$dc1999 215 $axxxii, 796 p. $cill 225 1 $aAIAA education series 300 $aTitle from title screen. 311 $a1-56347-342-9 320 $aIncludes bibliographical references and index. 327 $apt. 1. Hypergeometric functions and elliptic integrals -- pt. 2. Non-Keplerian motion. 410 0$aAIAA education series. 606 $aAstrodynamics$xMathematics 615 0$aAstrodynamics$xMathematics. 676 $a629.4/11 700 $aBattin$b Richard H$0104521 801 0$bMiAaPQ 801 1$bMiAaPQ 801 2$bMiAaPQ 906 $aBOOK 912 $a9910782754803321 996 $aIntroduction to the mathematics and methods of astrodynamics$9809131 997 $aUNINA